000 00279nam a2200109Ia 4500
008 221030s9999 xx 000 0 und d
082 _a105.23
245 0 _aManagement of Receivables & Payables in Finance
260 _bLG India
_aNoida
_c2008
650 _aManagement
942 _cTH
999 _c10237
_d10237